000 00604nam a2200205Ia 4500
005 20250508165330.0
008 008 250505s9999 xx 000 0 hin d
020 _a978-81-7137-939-2
037 _aTextBook
040 _aFEDL
_beng
_cFEDL
041 _ahin
_2hin
084 _a491.430 7, SIN/R
_qFEDL
100 _aSingh Niranjan Kumar
_9769989
245 0 _aMadhyamik vidyalayon mein hindi shikshan
260 _aJaipur, India
_bRajasthan Hindi Granth Akademi
_c2012
300 _axv, 464p.
365 _aINR
_b12
942 _cTB
_h491.430 7, SIN/R
999 _c1394512
_d1394512